000 01147cam a22003497a 4500
003 CHAP
005 20220329135708.0
008 971013s1970 r 00010 d
010 _a40680
011 _a41652
035 _a45778
040 _cCHAP
082 _a150
_bM6Y
100 0 0 _aMorris, Desmond.
_978892
245 1 3 _aEl mono desnudo
_b: un estudio del animal humano
250 _a(6 ed.)
260 _aBarcelona :
_bPlaza & Janés,
_c1970
300 _a288 p
500 _ac.1 duplicada con 204 p. de idéntico contenido
590 _aBATCH-UPD
_b10
_c20130110
_lUCH01
_h1627
590 _aBATCH-UPD
_b10
_c20130410
_lUCH01
_h1021
590 _aBATCH-UPD
_b10
_c20130914
_lUCH01
_h1026
590 _aCONVERSION
_b10
_c20130109
_lUCH01
_h1322
650 1 4 _aConducta (Psicología)
_926343
650 1 4 _aEvolución.
_939007
650 1 4 _aHombre
_xOrigen.
_956042
901 _aBK
942 _cLIBRO
949 _a150 M6Y
_bBC
_cLIBRO
_d-104450
_eLIBRO
_fc.2
_h28286
_i45778
_si
_t60.00
949 _a150 M6Y
_bBC
_cLIBRO
_d-104451
_eLIBRO
_fc.3
_h28288
_i45778
_si
_t60.00
949 _a150 M6Y
_bBC
_cLIBRO
_d33724000227732
_eLIBRO
_h15216
_i45778
_si
_t60.00
999 _c40680
_d40680